000 00801nam a2200277Ia 4500
003 OSt
005 20220202104702.0
008 210716s1999 xx 000 0 und d
020 _a0538875461
040 _cAIMIT LIBRARY
041 _aeng
082 _a658.4
_21
_bANCO
100 _aAncona.
_915730
245 _aOrganizational behavior and processes /
_cAncona...[et.al].
250 _a1st ed.
260 _aNew York:
_bSouth western college publishing;
_c1999.
300 _axi, 98p ;
_c27cm.
650 _aConducting team projects
_915731
650 _aTeam processes
_915732
650 _aManaging cultural diversity
_915733
700 _aKochan.
_915734
700 _aScully.
_915735
700 _aMaanen, Van.
_915736
700 _aWestney.
_915737
942 _2ddc
_cBK
_e1
_k658.4 ANCO
999 _c198788
_d198788